Państwa według najbliższego niegraniczącego kraju - wersja losowa - Statystyki

Ogólne statystyki
  • Ten quiz został rozwiązany 86 razy
  • Średni wynik to 8 z 15
Statystyki odpowiedzi
Państwo km Najbliższy kraj % Poprawnych
Izrael 16 Arabia Saudyjska
100%
Nowa Zelandia 1490 Australia
100%
Kuba 146 Bahamy
100%
Bhutan 59 Bangladesz
100%
Kosowo 55 Bułgaria
100%
Albania 66 Chorwacja
100%
Szwecja 3 Dania
100%
Jemen 20 Dżibuti
100%
Jordania 7 Egipt
100%
Litwa 154 Estonia
100%
Lesotho 277 Eswatini
100%
Estonia 35 Finlandia
100%
Irlandia 412 Francja
100%
Wyspy Świętego Tomasza i Książeca 213 Gwinea Równikowa
100%
Korea Południowa 45 Japonia
100%
Korea Północna 420 Japonia
100%
Boliwia 802 Kolumbia
100%
Niemcy 33 Liechtenstein
100%
Singapur 0,717 Malezja
100%
Filipiny 52 Malezja
100%
Liberia 274 Mali
100%
Portugalia 202 Maroko
100%
Hiszpania 100 Maroko
100%
Kambodża 344 Mjanma
100%
Kazachstan 37 Mongolia
100%
Australia 139 Papua-Nowa Gwinea
100%
Urugwaj 311 Paragwaj
100%
Armenia 110 Rosja
100%
Kanada 1257 Rosja
100%
Słowacja 74 Rumunia
100%
Malezja 0,717 Singapur
100%
Szwajcaria 224 Słowenia
100%
Łotwa 141 Szwecja
100%
Wietnam 109 Tajlandia
100%
Azerbejdżan 177 Turkmenistan
100%
Paragwaj 311 Urugwaj
100%
Czechy 69 Węgry
100%
Surinam 297 Wenezuela
100%
Islandia 790 Wielka Brytania
100%
Tajlandia 109 Wietnam
100%
Tunezja 99 Włochy
100%
Watykan 221 San Marino
86%
Białoruś 157 Estonia
83%
Wielka Brytania 33 Francja
83%
Liban 48 Jordania
83%
Samoa 853 Tonga
83%
Japonia 42 Rosja
80%
Papua Nowa-Gwinea 139 Australia
75%
Honduras 67 Belize
75%
Mjanma 299 Bhutan
75%
Brunei 39 Indonezja
75%
Zjednoczone Emiraty Arabskie 41 Katar
75%
Jamajka 152 Kuba
75%
Holandia 63 Luksemburg
75%
Chorwacja 13 Włochy
75%
Czarnogóra 86 Macedonia Północna
71%
Timor Wschodni 507 Australia
67%
Macedonia Północna 86 Czarnogóra
67%
Norwegia 110 Dania
67%
Oman 55 Iran
67%
Andora 474 Monako
67%
Włochy 8 Monako
67%
Zimbabwe 0,155 Namibia
67%
Bangladesz 23 Nepal
67%
Republika Zielonego Przylądka 467 Senegal
67%
Trynidad i Tobago 10 Wenezuela
67%
Namibia 0,155 Zimbabwe
67%
Bahrajn 16 Arabia Saudyjska
60%
Katar 18 Bahrajn
60%
Tuvalu 737 Fidżi
60%
Kongo 202 Gwinea Równikowa
60%
Luksemburg 63 Holandia
60%
Kostaryka 254 Honduras
60%
Senegal 319 Sierra Leone
60%
Turkmenistan 112 Tadżykistan
60%
Słowenia 45 Bośnia i Hercegowina
50%
Mołdawia 163 Bułgaria
50%
Tonga 383 Fidźi
50%
Gambia 74 Gwinea
50%
Belize 67 Honduras
50%
Malediwy 441 Indie
50%
Kuwejt 15 Iran
50%
Uzbekistan 469 Iran
50%
Arabia Saudyjska 16 Izrael
50%
Haiti 192 Jamajka
50%
Erytrea 39 Jemen
50%
Somalia 93 Jemen
50%
Niger 84 Kamerun
50%
Demokratyczna Republika Konga 211 Kamerun
50%
Mongolia 37 Kazachstan
50%
Kolumbia 563 Kostaryka
50%
Wyspy Salomona 170 Papua-Nowa Gwinea
50%
Stany Zjednoczone 3 Rosja
50%
Nikaragua 32 Salwador
50%
Dania 3 Szwecja
50%
Peru 565 Wenezuela
50%
Monako 8 Włochy
50%
Malawi 216 Zimbabwe
50%
Uganda 93 Burundi
40%
Saint Vincent i Grenadyny 20 Grenada
40%
Tajwan 119 Japonia
40%
Eswatini 277 Lesotho
40%
Wybrzeże Kości Słoniowej 211 Sierra Leone
40%
Belgia 80 Wielka Brytania
40%
Malta 81 Włochy
40%
Sierra Leone 211 Wybrzeże Kości Słoniowej
40%
Vanuatu 506 Wyspy Salomona
40%
Kirgistan 100 Afganistan
33%
Syria 92 Arabia Saudyjska
33%
Ghana 49 Benin
33%
Węgry 70 Bośnia i Hercegowina
33%
Indonezja 39 Brunei
33%
San Marino 139 Chorwacja
33%
Mauretania 233 Gambia
33%
Serbia 114 Grecja
33%
Libia 287 Grecja
33%
Burkina Faso 267 Gwinea
33%
Maroko 100 Hiszpania
33%
Egipt 7 Jordania
33%
Rwanda 351 Kenia
33%
Afganistan 100 Kirgistan
33%
Togo 100 Nigeria
33%
Argentyna 627 Peru
33%
Dominika 128 Saint Lucia
33%
Saint Lucia 42 Saint Vincent i Grenadyny
33%
Rumunia 74 Słowacja
33%
Bośnia i Hercegowina 45 Słowenia
33%
Indie 54 Sri Lanka
33%
Rosja 3 Stany Zjednoczone
33%
Kiribati 1870 Stany Zjednoczone
33%
Grecja 95 Włochy
33%
Republika Południowej Afryki 527 Zambia
33%
Gwinea 74 Gambia
29%
Turcja 69 Cypr
25%
Tanzania 327 Komory
25%
Laos 940 Malezja
25%
Madagaskar 422 Mozambik
25%
Antigua i Barbuda 68 Saint Kitts i Nevis
25%
Czad 166 Sudan Południowy
25%
Pakistan 21 Tadżykistan
25%
Gujana 207 Trynidad i Tobago
25%
Burundi 93 Uganda
25%
Mikronezja 560 Wyspy Marshalla
25%
Angola 32 Botswana
20%
Gabon 238 Wyspy Świętego Tomasza i Książęca
20%
Botswana 32 Angola
0%
Saint Kitts i Nevis 68 Antigua i Barbuda
0%
Sudan 211 Arabia Saudyjska
0%
Dominikana 304 Bahamy
0%
Nepal 23 Bangladesz
0%
Chiny 92 Bangladesz
0%
Ekwador 582 Brazylia
0%
Ukraina 184 Bułgaria
0%
Zambia 426 Burundi
0%
Austria 23 Chorwacja
0%
Sudan Południowy 166 Czad
0%
Kenia 455 Demokratyczna Republika Konga
0%
Finlandia 35 Estonia
0%
Republika Środkowoafrykańska 321 Gabon
0%
Gwinea Bissau 79 Gambia
0%
Nigeria 95 Gwinea Równikowa
0%
Algieria 180 Hiszpania
0%
Meksyk 181 Honduras
0%
Sri Lanka 54 Indie
0%
Palau 789 Indonezja
0%
Gruzja 177 Iran
0%
Dżibuti 20 Jemen
0%
Etiopia 107 Jemen
0%
Tadżykistan 88 Kazachstan
0%
Mozambik 281 Komory
0%
Bułgaria 55 Kosowo
0%
Iran 15 Kuwejt
0%
Mali 236 Maroko
0%
Seszele 396 Mauritius
0%
Wyspy Marshalla 560 Mikronezja
0%
Komory 281 Mozambik
0%
Kamerun 84 Niger
0%
Gwinea Równikowa 95 Nigeria
0%
Gwatemala 288 Nikaragua
0%
Salwador 32 Nikaragua
0%
Panama 161 Nikaragua
0%
Chile 472 Paragwaj
0%
Barbados 149 Saint Lucia
0%
Mauritius 396 Seszele
0%
Bahamy 105 Stany Zjednoczone
0%
Fidżi 383 Tonga
0%
Brazylia 539 Trynidad i Tobago
0%
Wenezuela 10 Trynidad i Tobago
0%
Francja 33 Wielka Brytania
0%
Liechtenstein 21 Włochy
0%
Nauru 594 Wyspy Marshalla
0%
Nie znaleziono quizów pasujących do podanych kryteriów
Rozkład punktacji
Procent ludzi z każdym wynikiem
Percentyl według liczby udzielonych odpowiedzi
Twoja historia wyników
Nie rozwiązałeś tego quizu